Normal view
MARC view
- A.Delchambre
Entry Personal Name
001 - CONTROL NUMBER
- control field: 127223
003 - CONTROL NUMBER IDENTIFIER
- control field: NUST
005 - DATE AND TIME OF LATEST TRANSACTION
- control field: 20241220172212.0
008 - FIXED-LENGTH DATA ELEMENTS
- fixed length control field: 241220|| aca||aabn | a|a d
040 ## - CATALOGING SOURCE
- Original cataloging agency: NUST
- Transcribing agency: NUST
100 ## - HEADING--PERSONAL NAME
- Personal name: A.Delchambre
670 ## - SOURCE DATA FOUND
- Source citation: Work cat.: (NUST): A.Delchambre, Computer-aided Assembly Planning, 1992.
